U.S. states whose capital, biggest city and urban area are different - Statistics

General Stats
  • This quiz has been taken 20 times
  • The average score is 10 of 12
Answer Stats
State City Answer % Correct
Florida Biggest Urban Area Miami / Fort Lauderdale
100%
Florida Biggest City Jacksonville
95%
Alabama Capital Montgomery
95%
Florida Capital Tallahassee
95%
Missouri Biggest City Kansas City
90%
Missouri Biggest Urban Area St. Louis
90%
New Hampshire Capital Concord
85%
Alabama Biggest Urban Area Birmingham
80%
New Hampshire Biggest City Manchester
80%
Missouri Capital Jefferson City
75%
Alabama Biggest City Huntsville
70%
New Hampshire Biggest Urban Area Nashua
50%
No matching quizzes found
Score Distribution
Percent of People with Each Score
Percentile by Number Answered
Your Score History
You have not taken this quiz